Fundamentals of business statistics / (Record no. 85021)

MARC details
000 -LEADER
fixed length control field 00560nam a22001937a 4500
005 - DATE AND TIME OF LATEST TRANSACTION
control field 20140617130608.0
010 ## - LCCN (DPL NO)
LC control number ENG-110185
020 ## - INTERNATIONAL STANDARD BOOK NUMBER
International Standard Book Number 9789325976160
Terms of availability 325.00
035 ## - SYSTEM CONTROL NUMBER
System control number EN-93717
037 ## - SOURCE OF ACQUISITION
Source of stock number/acquisition DBAD/PUB
082 ## - DEWEY DECIMAL CLASSIFICATION NUMBER
Classification number 519.5024658
100 ## - MAIN ENTRY--PERSONAL NAME
Personal name Sharma, J.K.
245 ## - TITLE STATEMENT
Title Fundamentals of business statistics /
Statement of responsibility, etc by J.K. Sharma
250 ## - EDITION STATEMENT
Edition statement 2nd ed
260 ## - PUBLICATION, DISTRIBUTION, ETC. (IMPRINT)
Place of publication, distribution, etc Noida
Name of publisher, distributor, etc Vikas Publishing House
Date of publication, distribution, etc 2014
270 ## - ADDRESS
Address E-28, Sector-8,
City Noida (UP)
Postal code 201301
300 ## - PHYSICAL DESCRIPTION
Extent xv,547.:
Dimensions 24cm(pbk)
Other physical details ill
942 ## - ADDED ENTRY ELEMENTS (KOHA)
Source of classification or shelving scheme Dewey Decimal Classification
Item type English Books
Call number suffix SHA
Classification part 519.5024658
Holdings
Withdrawn status Lost status Not for loan Collection code Home library Current library Date acquired Source of acquisition Cost, normal purchase price Full call number Barcode Copy number Cost, replacement price Koha item type
    Not For Loan Non-fiction D.B.Act.Division D.B.Act.Division 11/06/2014 ENG-110185 325.00 519.5024658 SHA EN-93717 1 325.00 English Books

© Delhi Public Library
Hit Counter
free hit counter